=LDR 00000nam 2200000 4500 =001 INLIS000000000012255 =005 20130612103805 =008 ***********************************Ind** =035 ##$$0010-061300000012255 =041 ##$$a Ind =082 ##$$a 669 =090 ##$$a 669, Voh m =100 ##$$a Vohdin K.W =245 ##$$a Mengelolah logam, K.W.Vohdin, Basir Latif, S. Zeiroeddin =260 ##$$a 1981 $b Jakarta =300 ##$$a 169 hlm., Ilus, 21 cm =650 ##$$a Logam =700 ##$$a Latief, Basir =850 ##$$a NBPNMAT